000 00640nam a2200193 a 4500
005 20241011063759.0
008 991125s1975 mx 000 0 spa u
035 _aUPN01000036594
049 _aF
050 4 _aHD7395 I6
_bM6.48
100 1 _aMorgan, Henry H.
245 1 3 _aEl manual del entrevistador /
_cpor Henry H. Morgan, John W. Cogger ; tr. por Juan M. Beltrán V.
260 _aMéxico :
_bManual Moderno,
_c1975.
300 _a49 p.
534 _pTítulo original:
_tThe interviewer's manual (selections & development systems)
650 4 _aEntrevistas
_vManuales
_921488
700 1 _aCogger, John W.,
_ecoaut.
905 _aLibro
999 _c36594
_d36594